000 00223 a2200097 4500
001 25995
100 _aArmy Material Comn
245 _aEngineering design handbook 706-201
260 _a
_bAMC(USA)
_c
090 _c17590
_d17590
942 _aNUST-CAE
_cM
_c8436
999 _c261068
_d261068